Remontées mécaniques de Galibier-Thabor (Valloire-Valmeinier) - Statistiques

Statistiques générales
  • Ce quiz a été pris 18 fois
  • Le résultat moyen est 9 sur 29
Statistiques - réponses
Type de quiz Nom % Correct
TSD6 Jeux
86%
TSD6 Brive 2
71%
TSF4 Arméra
57%
TCD10 Sétaz
57%
TSD6 Cornafond
43%
TSD6 Grandes Drozes
43%
TSD4 Inversins
43%
TSD6 Montissot
43%
TSF4 Roi
43%
TSF4 Thimel
43%
TAPIS Thimel
43%
TSF4 Girodière
29%
TKD Grand Plateau
29%
TSF4 Gros Crey
29%
TSF4 Moneul
29%
TKD Plan Palais 1&2
29%
TSF4 Pré Aynard
29%
TSD6 Sandonnière
29%
TSD6 Verneys
29%
TKD Verneys
29%
TKE Casses
14%
TKD Château Ripaille
14%
TKD Crête
14%
TSF4 Moulin Benjamin
14%
TKE Pré Varel
14%
TKE Saussette
14%
TKD Séa
14%
TCD8 Crète de la Bribe
0%
TSF4 Lac Vielle
0%
Aucun quiz correspondant
Distribution des résultats
% des personnes avec chaque résultat
Percentile par nombre de réponses
Votre historique - résultats
Vous n’avez pas pris ce quiz